500 Biggest Cities in the World (With Some Help) - Statistics

General Stats
  • This quiz has been taken 68 times
    51 since last reset
  • The average score is 268 of 500
Answer Stats
Hint Answer % Correct
Japan Tokyo
100%
India (DEL) Delhi
97%
China (SHA) Shanghai
97%
Spain Barcelona
94%
China (BEI) Beijing
94%
Germany Berlin
94%
Egypt Cairo
94%
USA Chicago
94%
Indonesia Jakarta
94%
India (KOL) Kolkata
94%
Ukraine Kyiv
94%
UK London
94%
Spain Madrid
94%
Philippines Manila
94%
Mexico Mexico City
94%
USA Miami
94%
Russia Moscow
94%
India (MUM) Mumbai
94%
USA New York
94%
France Paris
94%
Brazil Rio de Janeiro
94%
Italy Rome
94%
USA San Francisco
94%
South Korea Seoul
94%
Taiwan Taipei
94%
Thailand Bangkok
91%
Argentina Buenos Aires
91%
India (CHE) Chennai
91%
Germany Frankfurt am Main
91%
China (GUA) Guangzhou
91%
USA Houston
91%
USA Los Angeles
91%
Australia Melbourne
91%
Kenya Nairobi
91%
Japan Osaka
91%
North Korea Pyongyang
91%
Australia Sydney
91%
Canada Toronto
91%
USA Washington
91%
China (WUH) Wuhan
91%
China (XI'A) Xi'an
91%
Ethiopia Addis Ababa
88%
Greece Athens
88%
Iraq Baghdad
88%
USA Boston
88%
Brazil Brasilia
88%
South Africa Cape Town
88%
Morocco Casablanca
88%
Vietnam Hanoi
88%
Turkey Istanbul
88%
South Africa Johannesburg
88%
DR Congo Kinshasa
88%
Malaysia Kuala Lumpur
88%
Nigeria Lagos
88%
Peru Lima
88%
Italy Milan
88%
Russia Saint Petersburg
88%
USA Seattle
88%
Canada Vancouver
88%
Ghana Accra
85%
Egypt Alexandria
85%
Algeria Algiers
85%
Netherlands Amsterdam
85%
Turkey Ankara
85%
Colombia Bogota
85%
Belgium Brussels
85%
South Korea Busan
85%
Venezuela Caracas
85%
USA Dallas
85%
Vietnam Ho Chi Minh City
85%
India (HYD) | Pakistan Hyderabad
85%
USA Las Vegas
85%
Portugal Lisbon
85%
Canada Montreal
85%
Germany Munich
85%
USA Philadelphia
85%
USA Phoenix
85%
Portugal Porto
85%
Saudi Arabia Riyadh
85%
Costa Rica San Jose
85%
Chile Santiago
85%
Brazil Sao Paulo
85%
Singapore Singapore
85%
Iran Tehran
85%
Nigeria Abuja
82%
USA Atlanta
82%
India (BEN) Bengaluru
82%
Hungary Budapest
82%
China (CHE) Chengdu
82%
Germany Cologne/Dusseldorf
82%
Syria Damascus
82%
Tanzania Dar es Salaam
82%
USA Denver
82%
Bangladesh Dhaka
82%
UAE Dubai
82%
Germany Hamburg
82%
China (HON) Hong Kong
82%
Afghanistan Kabul
82%
Pakistan Karachi
82%
UK Manchester
82%
China (NAN) Nanking
82%
Italy Naples
82%
Australia Perth
82%
Haiti Port-au-Prince
82%
Ecuador Quito
82%
Yemen Sana'a
82%
China (TIA) Tianjin
82%
USA Austin
79%
Australia Brisbane
79%
USA Jacksonville
79%
Saudi Arabia Jeddah
79%
Nepal Kathmandu
79%
Sudan Khartoum
79%
Kuwait Kuwait City
79%
USA Portland
79%
Dominican Republic Santo Domingo
79%
Poland Warsaw
79%
China (XIA) Xiamen
79%
India (AHM) Ahmedabad
76%
Jordan Amman
76%
Paraguay Asuncion
76%
Azerbaijan Baku
76%
Brazil Belo Horizonte
76%
UK Birmingham
76%
USA Charlotte
76%
USA Cleveland
76%
Senegal Dakar
76%
South Africa Durban
76%
Mexico Guadalajara
76%
Guatemala Guatemala City
76%
China (HAN) Hangzhou
76%
Uganda Kampala
76%
Pakistan Lahore
76%
Angola Luanda
76%
France Marseille
76%
Saudi Arabia Mecca
76%
Mexico Monterrey
76%
Norway Oslo
76%
Cambodia Phnom Penh
76%
Netherlands Rotterdam
76%
USA San Antonio
76%
USA San Diego
76%
USA Tampa
76%
Uzbekistan Tashkent
76%
Israel Tel Aviv-Jaffa
76%
Tunisia Tunis
76%
UAE Abu Dhabi
73%
Madagascar Antananarivo
73%
Mali Bamako
73%
China (CHO) Chongqing
73%
Sri Lanka Colombo
73%
USA Columbus
73%
USA Detroit
73%
Qatar Doha
73%
China (HAR) Harbin
73%
India (JAI) Jaipur
73%
UK Liverpool
73%
France Lyon
73%
Belarus Minsk
73%
USA Orlando
73%
Canada Ottawa
73%
Sweden Stockholm
73%
Italy Turin
73%
Myanmar Yangon
73%
Cameroon Yaounde
73%
Ivory Coast Abidjan
70%
Denmark Copenhagen
70%
Ireland Dublin
70%
China (FUZ) Fuzhou
70%
Zimbabwe Harare
70%
Finland Helsinki
70%
Turkey Izmir
70%
USA Kansas City
70%
Colombia Medellin
70%
USA Minneapolis
70%
Japan Nagoya
70%
India (PUN) Pune
70%
Austria Vienna
70%
Switzerland Zurich
70%
Serbia Belgrade
67%
Romania Bucharest
67%
Canada Calgary
67%
Colombia Cali
67%
China (CHA) Changsha
67%
Bangladesh Chittagong
67%
USA Cincinnati
67%
China (DAL) Dalian
67%
Morocco Fes
67%
Brazil Fortaleza
67%
UK Glasgow
67%
China (HEF) Hefei
67%
China (KUN) Kunming
67%
Bolivia La Paz
67%
Togo Lome
67%
Mozambique Maputo
67%
Somalia Mogadishu
67%
USA Nashville
67%
Niger Niamey
67%
Czechia Prague
67%
China (QIN) Qingdao
67%
Morocco Rabat
67%
Brazil Recife
67%
Brazil Salvador
67%
China (URU) Urumqi
67%
Spain | Venezuela Valencia
67%
Armenia Yerevan
67%
China (ZHE) Zhengzhou
67%
India (AGR) Agra
64%
Syria Aleppo
64%
Belgium Antwerp
64%
New Zealand Auckland
64%
India (BHO) Bhopal
64%
Guinea Conakry
64%
Brazil Curitiba
64%
Ecuador Guayaquil
64%
Saudi Arabia Medina
64%
USA Milwaukee
64%
Liberia Monrovia
64%
Brazil Porto Alegre
64%
USA Sacramento
64%
USA Salt Lake City
64%
Spain Seville
64%
Bulgaria Sofia
64%
Georgia Tbilisi
64%
Libya Tripoli
64%
China (WEN) Wenzhou
64%
Kazakhstan Almaty
61%
Lebanon Beirut
61%
Canada Edmonton
61%
Cuba Havana
61%
Japan Hiroshima
61%
USA Indianapolis
61%
China (JIN) Jinan
61%
Nigeria Kano
61%
Ukraine Kharkiv
61%
UK Leeds
61%
Bahrain Manama
61%
Brazil Manaus
61%
India (NAG) Nagpur
61%
China (NAN) Nanning
61%
Burkina Faso Ouagadougou
61%
Panama Panama City
61%
USA Raleigh
61%
USA (Puerto Rico) San Juan
61%
Japan Sapporo
61%
China (SHA) Shantou
61%
China (SHE) Shenyang
61%
Indonesia Surabaya
61%
India (SUR) Surat
61%
Indonesia Bandung
58%
Rep. Congo Brazzaville
58%
South Korea Daegu
58%
Cameroon Douala
58%
Sierra Leone Freetown
58%
Zambia Lusaka
58%
Uruguay Montevideo
58%
Oman Muscat
58%
El Salvador San Salvador
58%
USA St. Louis
58%
Germany Stuttgart
58%
Mexico Tijuana
58%
Australia Adelaide
55%
Turkmenistan Ashgabat
55%
Kazakhstan Astana
55%
Brazil Belem
55%
Saudi Arabia Dammam
55%
Pakistan Faisalabad
55%
Japan Fukuoka
55%
India (IND) Indore
55%
Iran Isfahan
55%
China (LAN) Lanzhou
55%
France Lille
55%
India (LUC) Lucknow
55%
Iran Mashhad
55%
China (NIN) Ningbo
55%
Russia Nizhny Novgorod
55%
Bolivia Santa Cruz
55%
UK Sheffield
55%
Mongolia Ulan Bator
55%
China (XUZ) Xuzhou
55%
Philippines Cebu
52%
India (COI) Coimbatore
52%
Palestinian Territories Gaza
52%
Poland Katowice
52%
Rwanda Kigali
52%
Nicaragua Managua
52%
Kenya Mombasa
52%
UK Newcastle
52%
India (PAT) Patna
52%
USA Pittsburgh
52%
Mexico Puebla
52%
Pakistan Rawalpindi
52%
Argentina Rosario
52%
China (TAI) Taiyuan
52%
China (ZIB) Zibo
52%
Iraq Basra
48%
USA Buffalo
48%
Brazil Campinas
48%
China (CHA) Changchun
48%
Mexico Ciudad Juarez
48%
Argentina Cordoba
48%
China (GUI) Guiyang
48%
Nigeria Ibadan
48%
Venezuela Maracaibo
48%
Indonesia Medan
48%
Nigeria Port Harcourt
48%
Germany The Ruhr
48%
Central African Republic Bangui
45%
Turkey Bursa
45%
Philippines Davao
45%
Ukraine Donetsk
45%
India (KAN) Kanpur
45%
Taiwan Kaohsiung
45%
China (LIN) Linyi
45%
Iraq Mosul
45%
Chad Ndjamena
45%
Russia Samara
45%
Nigeria Benin City
42%
India (BHI) Bhilai
42%
Ukraine Dnipropetrovsk
42%
Russia Kazan
42%
Mexico Leon
42%
South Africa Port Elizabeth
42%
USA Virginia Beach
42%
Venezuela Barquisimeto
39%
Brazil Goiania
39%
Ghana Kumasi
39%
DR Congo Lubumbashi
39%
Myanmar Mandalay
39%
Germany Mannheim
39%
Brazil Natal
39%
UK Nottingham
39%
Nigeria Onitsha
39%
Algeria Oran
39%
China (SHI) Shijiazhuang
39%
Iran Shiraz
39%
Russia Yekaterinburg
39%
China (ANS) Anshan
36%
Turkey Antalya
36%
Benin Cotonou
36%
Malaysia George Town
36%
Mexico Merida
36%
Mauritania Nouakchott
36%
Russia Novosibirsk
36%
Russia Rostov-on-Don
36%
Iran Tabriz
36%
Brazil Vitoria
36%
Turkey Adana
33%
Morocco Agadir
33%
India (AMR) Amritsar
33%
Turkey Konya
33%
China (LUO) Luoyang
33%
China (NAN) Nanchang
33%
Pakistan Peshawar
33%
Iran Qom
33%
Brazil Santos
33%
USA Stockton
33%
Taiwan Taichung
33%
India (VAR) Varanasi
33%
China (BAO) Baotou
30%
Colombia Bucaramanga
30%
Vietnam Da Nang
30%
China (DAT) Datong
30%
India (KOC) Kochi
30%
Venezuela Maracay
30%
DR Congo Mbuji-Mayi
30%
Honduras San Pedro Sula
30%
Brazil Sao Luis
30%
Japan Sendai
30%
Taiwan Tainan
30%
Mexico Toluca
30%
China (WEI) Weifang
30%
Nigeria Aba
27%
Philippines Angeles
27%
Russia Chelyabinsk
27%
Bolivia Cochabamba
27%
Pakistan Gujranwala
27%
China (JIL) Jilin
27%
Indonesia Makassar
27%
India (MYS) Mysore
27%
Japan Okayama
27%
Pakistan Quetta
27%
USA Hartford
24%
China (HOH) Hohhot
24%
Russia Krasnoyarsk
24%
China (LUZ) Luzhou
24%
Pakistan Multan
24%
China (NAN) Nantong
24%
Mexico Torreon
24%
China (YAN) Yantai
24%
Indonesia Yogyakarta
24%
Iran Ahvaz
21%
India (CHA) Chandigarh
21%
South Korea Daejeon
21%
Turkey Gaziantep
21%
China (HAI) Haikou
21%
USA Harrisburg
21%
China (HUA) Huainan
21%
Nigeria Kaduna
21%
India (KOT) Kota
21%
Indonesia Palembang
21%
Mexico San Luis Potosi
21%
Indonesia Semarang
21%
India (SRI) Srinagar
21%
China (TAN) Tangshan
21%
India (ALL) Allahabad
18%
Colombia Baranquilla
18%
Angola Benguela
18%
China (HAN) Handan
18%
DR Congo Kananga
18%
Japan Kitakyushu
18%
China (LUI) Luizhou
18%
USA McAllen
18%
India (MEE) Meerut
18%
Japan Naha
18%
Mexico Queretaro
18%
Indonesia Surakarta
18%
China (TAI) Taizhou
18%
India (TIR) Tiruppur
18%
India (AUR) Aurangabad
15%
China (BAO) Baoding
15%
India (BHU) Bhubaneswar
15%
Thailand Chonburi
15%
China (DAQ) Daqing
15%
China (FUY) Fuyang
15%
India (GWA) Gwalior
15%
China (HEZ) Heze
15%
Nigeria Maiduguri
15%
China (NAN) Nanchong
15%
China (NAN) Nanyang
15%
China (XIN) Xining
15%
China (XIN) Xinxiang
15%
China (YUL) Yulin
15%
China (ZHU) Zhuhai
15%
India (ALI) Aligarh
12%
China (ANY) Anyang
12%
India (BAR) Bareilly
12%
China (DAZ) Dazhou
12%
India (DHA) Dhanbad
12%
China (GAN) Ganzhou
12%
China (GUI) Guilin
12%
Japan Hamamatsu
12%
China (HUA) Huai'an
12%
India (JAB) Jabalpur
12%
China (JIA) Jiangyin
12%
India (LUD) Ludhiana
12%
India (MAD) Madurai
12%
China (MAO) Maoming
12%
India (MOR) Moradabad
12%
India (NAS) Nashik
12%
India (RAJ) Rajkot
12%
India (RAN) Ranchi
12%
Kazakhstan Shymkent
12%
India (VAD) Vadodara
12%
India (VIJ) Vijayawada
12%
India (VIS) Visakhapatnam
12%
China (WEI) Weihai
12%
China (YAN) Yancheng
12%
China (YAN) Yangzhou
12%
China (YIN) Yinchuan
12%
China (YIW) Yiwu
12%
Indonesia Bandar Lampung
9%
South Korea Gwangju
9%
Vietnam Haiphong
9%
China (HEN) Hengyang
9%
China (HUZ) Huzhou
9%
China (JIN) Jining
9%
India (JOH) Johdpur
9%
China (KAI) Kaifeng
9%
Indonesia Malang
9%
China (PUY) Puyang
9%
China (QIN) Qinhuangdao
9%
China (XIA) Xiangyang
9%
China (ZHA) Zhangjiakou
9%
China (ZU) Zunyi
9%
India (ASA) Asansol
6%
China (BEN) Bengbu
6%
China (HUA) Huaibei
6%
China (JIA) Jiaxing
6%
China (JIN) Jinhua
6%
China (MIA) Mianyang
6%
India (TIR) Tiruchirappalli
6%
China (WUH) Wuhu
6%
China (YIC) Yichang
6%
China (ZAO) Zaozhuang
6%
China (CAN) Cangnan
3%
India (JAM) Jamshedapur
3%
China (PIN) Pingdingshan
3%
China (QIN) Qingyuan
3%
China (SHA) Shangqiu
3%
China (TAI) Tai'an
3%
China (XIN) Xingtai
3%
China (XUC) Xuchang
3%
China (JIA) Jiaozou
0%
China (SHA) Shangrao
0%
China (ZHA) Zhangjiang
0%
No matching quizzes found
Score Distribution
Percent of People with Each Score
Percentile by Number Answered
Your Score History
You have not taken this quiz since the last reset